| 000 | 00541cam a2200181 a 4500 | ||
|---|---|---|---|
| 001 | 4344023 | ||
| 005 | 20241111201222.0 | ||
| 008 | 891017s1990 nyua b 001 0 eng | ||
| 020 |
_a0075571250 : _c$45.00 |
||
| 050 | 0 | 0 |
_aKF4549 _b.F57 1990b |
| 082 | 0 | 0 |
_a342.73 _a347.302 _220 |
| 100 | 1 | _aFisher, Louis. | |
| 245 | 1 | 0 |
_aAmerican constitutional law / _cLouis Fisher. |
| 260 |
_aNew York : _bMcGraw-Hill, _cc1990 |
||
| 300 |
_axix, 1357, [60] p. : _bill. ; _c24 cm. |
||
| 650 | 0 |
_aConstitutional law _zUnited States _xCases. |
|
| 942 |
_2lcc _cCF _n0 |
||
| 999 |
_c1038 _d1038 |
||